| 000 | 01591nam a22003257i 4500 | ||
|---|---|---|---|
| 003 | EG-ScBUE | ||
| 005 | 20221122033010.0 | ||
| 008 | 220731s2017 le f b 001 0dara d | ||
| 020 | _a9782745186133 | ||
| 020 | _a2745186132 | ||
| 040 |
_aEG-ScBUE _bara _erda _cEG-ScBUE _dEG-ScBUE |
||
| 082 | 0 | 4 |
_222 _a892.713409 _bص ي ا |
| 100 | 1 |
_aصياد، أيمن السيد، _eمؤلف. |
|
| 245 | 1 | 0 |
_aديوان الزهد والحكمة : _bشعر محمود الوراق 150 هـ - 230 هـ / _cجمع وتحقيق الأستاذ الدكتور أيمن السيد علي الصياد، أستاذ الأدب والنقد والبلاغة، رئيس قسم العلوم الإنسانية وتقنياتها (سابقا)، جامعة طيبة، المدينة المنورة. |
| 250 | _aالطبعة الأولى. | ||
| 264 | 1 |
_aبيروت : _bدار الكتب العلمية، _c2017. |
|
| 300 |
_a160 صفحة ؛ _c24 سم |
||
| 336 |
_2rdacontent _aنص _btxt |
||
| 337 |
_2rdamedia _aبدون وسيط _bn |
||
| 338 |
_2rdacarrier _aمجلد _bnc |
||
| 504 | _aيشتمل على إرجاعات ببليوجرافية وكشافات. | ||
| 541 |
_cإهداء ؛ _aد. أيمن السيد. |
||
| 600 | 1 | 7 |
_aالوراق، محمود، _d150 هـ. - 230 هـ. _2BUEsh |
| 650 | 7 |
_aالشعر العربي _xدواوين وقصائد. _2BUEsh |
|
| 650 | 7 |
_aالشعر الديني _xدواوين وقصائد. _2BUEsh |
|
| 650 | 7 |
_aالشعر الصوفي _xدواوين وقصائد. _2BUEsh |
|
| 653 |
_bARALIT _cNovember2022 |
||
| 655 | _vReading book | ||
| 942 | _2ddc | ||
| 999 |
_c30006 _d29977 |
||